Transformada de Laplace; solución de ecuaciones diferenciales (Registro nro. 8156)
[ vista simple ]
| 000 -LEADER | |
|---|---|
| fixed length control field | 00728 a2200217 4500 |
| 001 - CONTROL NUMBER | |
| control field | 63372 |
| 005 - DATE AND TIME OF LATEST TRANSACTION | |
| control field | 20260407155931.0 |
| 008 - FIXED-LENGTH DATA ELEMENTS--GENERAL INFORMATION | |
| fixed length control field | 260407a1970 arg spa d |
| 003 - CONTROL NUMBER IDENTIFIER | |
| control field | AR-UNSa-BCEJYS |
| 040 ## - CATALOGING SOURCE | |
| Original cataloging agency | AR-UNSa-BCEJYS |
| Language of cataloging | spa |
| Transcribing agency | AR-UNSa-BCEJYS |
| 080 ## - UNIVERSAL DECIMAL CLASSIFICATION NUMBER | |
| Universal Decimal Classification number | 517.4 |
| Common auxiliary subdivision | Determinantes funcionales. Transformaciones integrales. Cálculo Operacional (Transformaciones de Laplace) |
| 041 ## - LANGUAGE CODE | |
| Language code of text/sound track or separate title | spa |
| 100 1# - MAIN ENTRY--PERSONAL NAME | |
| Personal name | Strum, Robert D. |
| 245 10 - TITLE STATEMENT | |
| Title | Transformada de Laplace; solución de ecuaciones diferenciales |
| Name of part/section of a work | Texto programado |
| 264 #1 - PRODUCTION, PUBLICATION, DISTRIBUTION, MANUFACTURE, AND COPYRIGHT NOTICE | |
| Place of production, publication, distribution, manufacture | México : |
| Name of producer, publisher, distributor, manufacturer | Trillas |
| Date of production, publication, distribution, manufacture, or copyright notice | 1970 |
| 300 ## - PHYSICAL DESCRIPTION | |
| Extent | xxvi, 197 p. |
| Dimensions | 27 cm. |
| 590 ## - LOCAL NOTE (RLIN) | |
| Local note | niveau_biblio:m niveau_hierar:0 |
| 700 1# - ADDED ENTRY--PERSONAL NAME | |
| Personal name | Ward, John R. |
| 700 1# - ADDED ENTRY--PERSONAL NAME | |
| Personal name | Flores López, Asdrúbal |
| 942 ## - ADDED ENTRY ELEMENTS (KOHA) | |
| Koha item type | |
| Withdrawn status | Lost status | Damaged status | Not for loan | Home library | Current library | Shelving location | Date acquired | Total checkouts | Full call number | Barcode | Date last seen | Price effective from | Koha item type |
|---|---|---|---|---|---|---|---|---|---|---|---|---|---|
| Biblioteca Prof. Eusebio Cleto del Rey | Biblioteca Prof. Eusebio Cleto del Rey | 07/04/2026 | 517.4 S927 | L23649 | 07/04/2026 | 07/04/2026 | Libro |